000
00289nam a2200109 4500
999
_c
9586
_d
9586
008
180710b ||||| |||| 00| 0 eng d
245
_a
Teen pregnancy still on the rise.
260
_a
Davao City
_b
Sun Star Davao
_c
c2017
300
_a
page 9.
650
0
_9
28487
_a
Pregnancy.
942
_2
ddc
_c
PER